000 00304nam a22001337a 4500
003 SGT
020 _a9780691136158
082 _a347.014
_bBAR
100 _aBARAK AHARON
245 _aTHE JUDGE IN A DEMOCRACY
260 _aNEW JERSY
_bPRINCETON UNIVERSITY PRESS
_c2008
300 _a332
942 _2ddc
_cBK
999 _c34433
_d34433